000 01241nam0a22002531 4500
001 rc\840525
005 20260407110130.0
035 _a(NLR Aleph) 006021970
090 _a7437463
_c7437463
100 _a20041129d1983 |||y0rusy50 ca
101 0 _arus
102 _aRU
105 _aa |||||||||
200 1 _aМетодические положения по анализу основных промышленно-производственных фондов в отрасли тяжелого и транспортного машиностроения
_fНИИ экономики и планир. тяжелого и трансп. машиностроения
_g[Разраб. Житная И.П.]
210 _aСвердловск
_cНИИэкономики
_d1983
215 _a73 с.
_cил.
_d20
320 _aБиблиогр.: с. 72 (12 назв.)
702 1 _aЖитная
_bИ.П.
_gИнна Павловна
_4570
712 0 2 _aНИИ экономики и планирования тяжелого и транспортного машиностроения
_cСвердловск
_3RU\NLR\AUTH\889937909
_9370628
801 0 _aRU
_bNLR
_gpsbo
801 1 _aRU
_bELAR
_2rusmarc
852 _aNLR
_j83-4/34371
942 _cBOOK
980 _aNB